000 01242nam a2200313 a 4500
005 20180228115141.0
010 _aB-379443
020 _a9788175365025
_c250.00
035 _aB-379443
035 _aB-689623
037 _bUBH
037 _bAakar
082 _a954.0317
100 _aNorman, Henry W.
245 _aDelhi, 1857 /
_cby Sir Henry W. Norman [and] Mrs. Kieth Young
260 _aDelhi
_bLow Price Publications
_c2010
270 _aA-6, Second Floor, Nimri Commerical Centre, Ashok Vihar Phase-IV,
_bDelhi
_e110052
300 _axxv, 371 p., [30] leaves of plates :
_bill., 2 folded maps, ports. ;
_c23 cm(Hb)
500 _aIncludes glossary and index
600 _aYoung, Keith,
_d1808-1862
_xCorrespondence.
600 _aYoung, Keith
_d1808-1862
_xDiaries.
600 _aYoung, Keith,
_cMrs.
_xCorrespondence.
650 _aSoldiers
_zIndia
_xCorrespondence.
650 _aSoldiers
_zGreat Britain
_xCorrespondence.
700 _aYoung, Keith
942 _2ddc
_cEN
_h954.0317
_mNOR
999 _c35056
_d35056